|
|
|
|
| LEADER |
00000cam a2200000 7i4500 |
| 001 |
0000015950 |
| 005 |
20080423.0 |
| 008 |
080417 |
| 020 |
|
|
|a 0028638859
|
| 090 |
0 |
0 |
|a 629.13
|b LAN
|
| 100 |
1 |
|
|a Lan, Bill
|
| 245 |
1 |
4 |
|a The complete idiot's guide to flying and gliding
|c Bill Lane and Azriela Jaffe
|
| 260 |
|
|
|a India :
|b Alpha Books ,
|c 2000
|
| 650 |
|
0 |
|a Aeronautics
|x History
|x Popular works
|
| 650 |
|
0 |
|a Flight
|x Popular works
|
| 650 |
|
0 |
|a Gliding and soaring
|x Popular works
|
| 700 |
1 |
|
|a Jaffe, Azriela
|
| 999 |
|
|
|a 0001014365
|b Book
|c Adult Collection
|e Perbadanan Perpustakaan Awam Johor
|